1827 1956 1348 1526 1093 1126 1669 1417 1097 1670 1680 1764 1700 1412 1037 1963 1201 1832 1902 1671 1824 1600 1367 1309 1923 1399 1932 1587 1948 1826 1310 1849 1706 1060 1037 1603 1529 1353 1220 1360 1642 1744 1924 1205 1329 1857 1820 1150 1386 1132 1943 1284 1938 1367 1301 1299 1487 1517 1374 1282 1754 1341 1844 1098 1703 1653 1966 1116 1576 1060 1210 1820 1403 1108 1059 1479 1529 1386 1312 1603 1716 1659 1193 1584 1258 1646 1003 1166 1803 1182 1666 1675 1482 1567 1546 1808 1425 1943 1242 BCNSPRNW ULIB Ver.6.0+V

เปลี่ยนเป็นภาษาไทย

Change to English
 แสดงรายละเอียดบรรณานุกรม
  กลับหน้าหลัก

Brief Record : Get Marc (ISO 2709) : E-mail record : QR code < ปิดหน้าต่าง
LEADER : 00000nam 2200000uu 4500
001    13399110311
003     ULIB
008    110428s2545||||th 000 0 tha d
020    9789747150384
020    9747150387
060 04 WM203.5^bจ426ร 2545
100 0  จิตติรัตน์ พุกจินดา
245 10 เรื่องธรรมดาของ ออทิสติก /^cจิตติรัตน์ พุกจินดา
246 30 ออทิสติก
250    พิมพ์ครั้งที่ 1
260    กรุงเทพฯ :^bศูนย์วิจัยการศึกษาเพื่อเด็กที่ต้องการความช่วยเหลือพิเศษ โรงเรียนสาธิตแห่งมหาวิทยาลัยเกษตรศาสตร์,^c2545
300    143 หน้า :^bภาพประกอบ
440  0 โครงการหนังสือเล่ม ชุดส่งเสริมพัฒนาการและการศึกษา ;^vอันดับที่ 137
650  2 Autism, Infantile
650  2 Autistic disorder
710 20 โรงเรียนสาธิตแห่งมหาวิทยาลัยเกษตรศาสตร์.^bศูนย์วิจัยการศึกษาเพื่อเด็กที่ต้องการความช่วยเหลือพิเศษ
945    ^p115^l0^i015369
945    ^p115^l0^i015368
995    ทศพร
999 ^a ใช้งานได้ทุกระบบ
รายการนี้ยังไม่มีแท็ก
คุณยังไม่ได้ล็อกอิน คุณสามารถมีกิจกรรมร่วมกับเว็บไซต์ได้ แต่ต้องล็อกอินก่อน ::
  ล็อกอิน

รายการสื่อสารสนเทศ

ลำดับที่ ประเภท เลขเรียก/บาร์โค้ด สถานที่ สถานะ
- ไม่พบข้อมูล -

รายการใกล้เคียง
    หัวเรื่อง [Autism, Infantile]
    หัวเรื่อง [Autistic disorder]

BibComment


ยังไม่เคยถูกคอมเมนท์

คอมเมนท์ทรัพยากรรายการนี้
  คอมเมนท์: เรื่องธรรมดาของ อ..


 Copyright 2026. Bcnsprnw @Library